[Event "XXVII Coppa"]
[Site "Cagliari ITA"]
[Date "2000.11.18"]
[Round "1"]
[White "Boi, Giuseppe"]
[Black "Scarteddu, Marco"]
[Result "0-1"]
[WhiteElo "1509"]
[BlackElo "1636"]
[PlyCount "76"]
[EventDate "2000.11.18"]

1. e4 e5 2. Nf3 Nc6 3. Bb5 d6 4. d4 exd4 5. Nxd4 Bd7 6. Nc3 Nxd4 7. Bxd7+ Qxd7
8. Qxd4 Ne7 9. Bf4 Nc6 10. Qd2 Be7 11. Rd1 O-O-O 12. O-O Bf6 13. b3 Rhe8 14.
Rfe1 h6 15. Nd5 Be5 16. Bxe5 dxe5 17. Qe3 Qe6 18. Qc3 g5 19. b4 Rd7 20. Qd3 a6
21. b5 axb5 22. Rb1 Red8 23. Rxb5 Nb8 24. Reb1 b6 25. Rxb6 cxb6 26. Qc3+ Qc6
27. Nxb6+ Kc7 28. Qxc6+ Kxc6 29. Nxd7 Nxd7 30. Kf1 Ra8 31. Ra1 Nc5 32. f3 Ra3
33. Kf2 Ne6 34. Ke2 Kc5 35. Kd2 Kc4 36. Ke2 Kc3 37. Kd1 Nd4 38. Ke1 Nxc2+ 0-1

[Event "XXVII Coppa"]
[Site "Cagliari ITA"]
[Date "2000.11.18"]
[Round "1"]
[White "Caredda, Giuseppe"]
[Black "Loi, Francesco"]
[Result "1-0"]
[WhiteElo "1558"]
[BlackElo "1395"]
[PlyCount "105"]
[EventDate "2000.11.18"]

1. d4 d5 2. c4 c6 3. e3 Bf5 4. Qb3 b6 5. Be2 Nf6 6. Nc3 e6 7. Nf3 Be7 8. O-O
O-O 9. Ne5 Qc7 10. Bd2 c5 11. Nb5 Qd8 12. a4 a6 13. Na3 Ne4 14. Rad1 f6 15. Nf3
Bd6 16. dxc5 Nxc5 17. Qa2 Kh8 18. cxd5 exd5 19. Nb1 Be4 20. a5 b5 21. Nc3 Bc2
22. Rc1 Bb3 23. Qa1 Ra7 24. Nd4 Qc7 25. g3 Nc6 26. Bf3 Nxd4 27. exd4 Nd3 28.
Nxd5 Qd7 29. Rc3 Bc4 30. Nb6 Qe7 31. b3 Bb4 32. bxc4 Bxc3 33. Qxc3 bxc4 34.
Nxc4 Rc8 35. Rb1 Qf7 36. Qxd3 Qg6 37. Be4 Qh5 38. Nd6 Rd8 39. Be3 Rad7 40. Qxa6
Rxd6 41. Qxd6 Re8 42. Bc6 Rg8 43. a6 Qa5 44. Bd5 Rd8 45. Qb6 Qxd5 46. Rb5 Qg8
47. a7 h6 48. Ra5 Ra8 49. d5 Kh7 50. d6 Qf7 51. Qc6 Qf8 52. d7 Qd8 53. Bb6 1-0

[Event "XXVII Coppa"]
[Site "Cagliari ITA"]
[Date "2000.11.18"]
[Round "1"]
[White "Enis, Aldo"]
[Black "Cirina, Gianluca"]
[Result "0-1"]
[WhiteElo "1516"]
[BlackElo "1690"]
[PlyCount "104"]
[EventDate "2000.11.18"]

1. d4 Nf6 2. c4 c5 3. d5 b5 4. Nc3 b4 5. Na4 d6 6. b3 g6 7. Nb2 Bg7 8. f3 e6 9.
e4 exd5 10. cxd5 O-O 11. Bd3 Nh5 12. Ne2 Qh4+ 13. Kf1 f5 14. Qe1 Qe7 15. Ng3
Bc3 16. Qe2 Qh4 17. Nxh5 Qxh5 18. exf5 Bxf5 19. Bxf5 Qxf5 20. Bh6 Bxb2 21. Qxb2
Qf6 22. Qxf6 Rxf6 23. Kf2 Nd7 24. Rae1 Ne5 25. Kg3 Nf7 26. Bc1 Rf5 27. Rd1 Re8
28. Rd2 Ree5 29. Bb2 Rxd5 30. Re2 Ne5 31. a3 Rg5+ 32. Kh3 Rh5+ 33. Kg3 Nd3 34.
h3 Nxb2 35. Rxb2 a5 36. axb4 axb4 37. f4 Rd3+ 38. Kh2 Rf5 39. Rf1 g5 40. g3
gxf4 41. gxf4 Rh5 42. Rg2+ Kf7 43. Rg3 Rdd5 44. Rgf3 Rd4 45. Kg3 d5 46. Kg4 c4
47. bxc4 dxc4 48. R3f2 Rhd5 49. Rf3 Rd3 50. Rc1 c3 51. Rcf1 b3 52. Rb1 c2 0-1

[Event "XXVII Coppa"]
[Site "Cagliari ITA"]
[Date "2000.11.18"]
[Round "1"]
[White "Ibba, Isacco"]
[Black "Sanfilippo, Carlo"]
[Result "1-0"]
[WhiteElo "1855"]
[BlackElo "1617"]
[PlyCount "61"]
[EventDate "2000.11.18"]

1. e4 d6 2. d4 Nf6 3. Nc3 g6 4. Bc4 Bg7 5. f3 O-O 6. Nge2 c5 7. Be3 Nc6 8. Qd2
cxd4 9. Nxd4 Nxd4 10. Bxd4 Qc7 11. Bb3 Bd7 12. O-O-O a5 13. Bxf6 Bxf6 14. Nd5
Qc5 15. Nxf6+ exf6 16. Qxd6 Qe3+ 17. Qd2 Qxd2+ 18. Rxd2 Be6 19. Bxe6 fxe6 20.
Rhd1 Rf7 21. Rd7 Raf8 22. Rxf7 Rxf7 23. Rd8+ Kg7 24. Ra8 b6 25. Rb8 f5 26. e5
g5 27. Rxb6 g4 28. Rxe6 gxf3 29. gxf3 Rd7 30. Rd6 Re7 31. f4 1-0

[Event "XXVII Coppa"]
[Site "Cagliari ITA"]
[Date "2000.11.18"]
[Round "1"]
[White "Manca, Antonio"]
[Black "Defend, Guerrino"]
[Result "0-1"]
[WhiteElo "1428"]
[BlackElo "1900"]
[PlyCount "72"]
[EventDate "2000.11.18"]

1. e4 g6 2. d4 Bg7 3. e5 d6 4. exd6 cxd6 5. Bb5+ Nd7 6. Be3 Qb6 7. Bxd7+ Bxd7
8. b3 Rc8 9. c3 Nf6 10. f3 Nd5 11. Qd2 Nxe3 12. Qxe3 O-O 13. Ne2 e5 14. O-O
exd4 15. cxd4 Rfe8 16. Qd2 Rxe2 17. Qxe2 Bxd4+ 18. Kh1 Bb5 19. Qd1 Bxf1 20. Na3
Bxa1 21. Qxa1 Qe3 22. Nc4 Bxc4 23. bxc4 Rxc4 24. h3 Rc1+ 25. Qxc1 Qxc1+ 26. Kh2
Qf4+ 27. Kg1 Qg3 28. Kf1 d5 29. Ke2 Qxg2+ 30. Ke3 Qxa2 31. h4 f5 32. Kd4 Qc4+
33. Ke5 Kf7 34. h5 Kg7 35. hxg6 hxg6 36. f4 Qe4+ 0-1

[Event "XXVII Coppa"]
[Site "Cagliari ITA"]
[Date "2000.11.18"]
[Round "1"]
[White "Putzolu, Marcello"]
[Black "Unterreitmeir, Max"]
[Result "1-0"]
[WhiteElo "1564"]
[BlackElo "1563"]
[PlyCount "99"]
[EventDate "2000.11.18"]

1. e4 e5 2. Nf3 Nc6 3. Bc4 Bc5 4. d3 d6 5. Bg5 Nf6 6. Nc3 Bb4 7. O-O Bxc3 8.
bxc3 h6 9. Be3 O-O 10. h3 Be6 11. Bb3 Qd7 12. d4 Bxb3 13. cxb3 Nxe4 14. dxe5
Rad8 15. Qd3 Nc5 16. Bxc5 dxc5 17. Qb5 b6 18. Rad1 Qe6 19. Rxd8 Rxd8 20. Re1
Ne7 21. Qa6 Nc6 22. Qb7 Rd7 23. Qc8+ Kh7 24. Kh2 a5 25. Re4 Re7 26. Qxe6 Rxe6
27. Re1 g5 28. g4 Kg6 29. Kg3 f5 30. Kg2 fxg4 31. hxg4 h5 32. gxh5+ Kxh5 33.
Rh1+ Kg4 34. Rh7 Nxe5 35. Nxe5+ Rxe5 36. Rxc7 Re6 37. f3+ Kf4 38. Rf7+ Ke3 39.
Rf5 Rg6 40. Kg3 Kd3 41. c4 Kd4 42. Kg4 a4 43. Rxg5 Rxg5+ 44. Kxg5 axb3 45. axb3
Ke5 46. f4+ Ke6 47. Kg6 Ke7 48. f5 Kf8 49. Kf6 Ke8 50. Kg7 1-0

[Event "XXVII Coppa"]
[Site "Cagliari ITA"]
[Date "2000.11.18"]
[Round "1"]
[White "Seu, Fabio"]
[Black "Abis, Roberto"]
[Result "0-1"]
[WhiteElo "1419"]
[BlackElo "1623"]
[PlyCount "60"]
[EventDate "2000.11.18"]

1. e4 c5 2. Nf3 d6 3. d4 cxd4 4. Nxd4 Nf6 5. Nc3 a6 6. a4 e6 7. Bc4 Be7 8. O-O
O-O 9. Re1 Qc7 10. Bb3 Nc6 11. Nf3 Bd7 12. Bf4 Nh5 13. Bg5 Bxg5 14. Nxg5 Nf6
15. Nf3 Na5 16. Ba2 Rac8 17. Qe2 Nc4 18. Bxc4 Qxc4 19. Qxc4 Rxc4 20. e5 dxe5
21. Nxe5 Rc7 22. Rad1 Bc6 23. Re2 Nd5 24. Nxd5 Bxd5 25. Rc1 Rfc8 26. c3 f6 27.
Nd3 Bc4 28. Rd2 Rd8 29. Rcd1 Rcd7 30. f3 Rxd3 0-1

[Event "XXVII Coppa"]
[Site "Cagliari ITA"]
[Date "2000.11.18"]
[Round "1"]
[White "Sforza, Franco"]
[Black "Ponti, Mario"]
[Result "0-1"]
[WhiteElo "1567"]
[BlackElo "1549"]
[PlyCount "77"]
[EventDate "2000.11.18"]

1. d4 d5 2. c4 c6 3. e3 Nf6 4. Nf3 Bg4 5. Nbd2 e6 6. Qc2 Nbd7 7. Be2 Be7 8. O-O
O-O 9. h3 Bh5 10. Re1 Bg6 11. Bd3 Bxd3 12. Qxd3 dxc4 13. Nxc4 h6 14. Bd2 Nc5
15. Qc2 Nce4 16. Rad1 Nxd2 17. Ncxd2 Nd5 18. a3 b5 19. b4 Qc7 20. Nb3 f6 21.
Nc5 Qc8 22. Nh4 Rf7 23. Ng6 Bd8 24. Nf4 e5 25. dxe5 fxe5 26. Nxd5 cxd5 27. Rxd5
Bf6 28. Qe4 Qe8 29. Red1 Re7 30. Nd7 a6 31. Qg4 Rf7 32. Qg3 e4 33. Nxf6+ Rxf6
34. Qc7 Rf8 35. Rd7 Qg6 36. R1d6 Qg5 37. Qc2 Rfe8 38. Rd4 Qh4 39. Rf7 0-1

[Event "XXVII Coppa"]
[Site "Cagliari ITA"]
[Date "2000.11.18"]
[Round "1"]
[White "Sitzia, Carlo"]
[Black "Cerioni, Armando"]
[Result "0-1"]
[WhiteElo "1482"]
[BlackElo "1500"]
[PlyCount "72"]
[EventDate "2000.11.18"]

1. e4 c5 2. c3 d5 3. exd5 Qxd5 4. d4 Nc6 5. Be3 cxd4 6. cxd4 Bf5 7. Nc3 Qd7 8.
Nf3 e6 9. a3 Bd6 10. Be2 Nf6 11. O-O Ng4 12. h3 h5 13. g3 Nxe3 14. fxe3 Bxh3
15. Ne5 Bxe5 16. dxe5 Bxf1 17. Qxd7+ Kxd7 18. Rxf1 Nxe5 19. e4 Rad8 20. b4 h4
21. gxh4 Rxh4 22. a4 Rdh8 23. Rd1+ Ke7 24. Kf2 Rh2+ 25. Ke3 R2h3+ 26. Kd4 Rd8+
27. Kxe5 f6+ 28. Kf4 g5+ 29. Kg4 Rxc3 30. Rxd8 Kxd8 31. Bf1 Re3 32. Bg2 Rd3 33.
b5 Rd4 34. a5 Rb4 35. b6 axb6 36. axb6 Rxb6 0-1

[Event "XXVII Coppa"]
[Site "Cagliari ITA"]
[Date "2000.11.18"]
[Round "2"]
[White "Cerioni, Armando"]
[Black "Ponti, Mario"]
[Result "1-0"]
[WhiteElo "1500"]
[BlackElo "1549"]
[PlyCount "107"]
[EventDate "2000.11.18"]

1. e4 e5 2. Nf3 Nc6 3. d4 exd4 4. Nxd4 Nxd4 5. Qxd4 d6 6. Nc3 c5 7. Qd3 Be7 8.
Bf4 Nf6 9. O-O-O O-O 10. Bxd6 b6 11. Bxe7 Qxe7 12. Qd6 Qb7 13. f3 Be6 14. Bb5
Rac8 15. Qf4 c4 16. e5 Nh5 17. Qh4 g6 18. Rd4 a6 19. Bxc4 Bxc4 20. Rxc4 Rce8
21. Re1 Ng7 22. Ne4 h5 23. Nf6+ Kh8 24. Nxe8 Rxe8 25. Rd4 Nf5 26. Qf6+ Kh7 27.
Rd8 Rxd8 28. Qxd8 Ng7 29. Rd1 b5 30. Rd7 Qc6 31. Rxf7 Qe6 32. Qf8 Qxe5 33.
Rxg7+ Qxg7 34. Qxg7+ Kxg7 35. Kd2 Kf6 36. Kd3 Ke6 37. b3 Kd5 38. g4 h4 39. g5
Ke5 40. c4 bxc4+ 41. bxc4 a5 42. f4+ Kxf4 43. Kd4 Kf3 44. c5 Kg2 45. c6 Kxh2
46. c7 Kg2 47. c8=Q h3 48. Qh8 h2 49. Ke5 h1=Q 50. Qxh1+ Kxh1 51. Kf6 Kg2 52.
Kxg6 Kg3 53. Kf5 Kh4 54. g6 1-0

[Event "XXVII Coppa"]
[Site "Cagliari ITA"]
[Date "2000.11.18"]
[Round "2"]
[White "Cirina, Gianluca"]
[Black "Abis, Roberto"]
[Result "1-0"]
[WhiteElo "1690"]
[BlackElo "1623"]
[PlyCount "75"]
[EventDate "2000.11.18"]

1. e4 c5 2. Nf3 d6 3. d4 cxd4 4. Nxd4 Nf6 5. Nc3 a6 6. Bc4 e6 7. Bb3 Be7 8. Be3
Nc6 9. O-O O-O 10. Qe2 Bd7 11. a4 Nxd4 12. Bxd4 e5 13. Be3 Bc6 14. f3 Rc8 15.
Rfd1 Qc7 16. a5 Nd7 17. Qf2 Nc5 18. Bxc5 dxc5 19. Bd5 c4 20. Bxc6 Qxc6 21. Nd5
Bc5 22. Ne3 f5 23. exf5 Rxf5 24. Qe2 Kh8 25. Kh1 Bxe3 26. Qxe3 Rh5 27. Qd2 Rf8
28. Qd6 Rhf5 29. Qxc6 bxc6 30. Kg1 Kg8 31. Ra4 Rb8 32. Rxc4 Rxb2 33. Rxc6 e4
34. fxe4 Rxa5 35. Rc8+ Kf7 36. Rd7+ Ke6 37. Rxg7 h5 38. Rc6+ 1-0

[Event "XXVII Coppa"]
[Site "Cagliari ITA"]
[Date "2000.11.18"]
[Round "2"]
[White "Ibba, Isacco"]
[Black "Caredda, Giuseppe"]
[Result "1-0"]
[WhiteElo "1855"]
[BlackElo "1558"]
[PlyCount "61"]
[EventDate "2000.11.18"]

1. f4 e6 2. b3 d5 3. Nf3 Nc6 4. e3 Be7 5. Nc3 a6 6. Bb2 Nf6 7. a3 O-O 8. Bd3 d4
9. exd4 Nxd4 10. Nxd4 Qxd4 11. Qe2 Qxf4 12. O-O-O b6 13. Ne4 Nxe4 14. Bxe4 Ra7
15. Rhf1 Qh6 16. Rf3 f5 17. Rh3 Qg6 18. Rg3 Bg5 19. Bf3 h6 20. Bh5 Qh7 21. h4
Bf6 22. Bg6 Bxb2+ 23. Kxb2 Qh8 24. d4 c5 25. dxc5 bxc5 26. h5 a5 27. Rd6 Re7
28. Rgd3 c4 29. R3d5 c3+ 30. Ka1 exd5 31. Qxe7 1-0

[Event "XXVII Coppa"]
[Site "Cagliari ITA"]
[Date "2000.11.18"]
[Round "2"]
[White "Perra, Marco"]
[Black "Enis, Aldo"]
[Result "0-1"]
[WhiteElo "1500"]
[BlackElo "1516"]
[PlyCount "67"]
[EventDate "2000.11.18"]

1. e4 e5 2. Nf3 Nc6 3. Bc4 Bc5 4. c3 Nf6 5. d4 exd4 6. e5 Ng8 7. cxd4 Bb4+ 8.
Nc3 Nge7 9. a3 Ba5 10. O-O O-O 11. d5 Nb8 12. Bg5 d6 13. Re1 f6 14. exf6 gxf6
15. Bh6 Rf7 16. h3 Bf5 17. Nd4 Nd7 18. Ne6 Qc8 19. Qf3 Ne5 20. Qg3+ Bg6 21. Bb3
Nf5 22. Qf4 Bb6 23. Bc2 Nxh6 24. Bxg6 hxg6 25. Qxh6 Rh7 26. Qd2 Kf7 27. Rac1
Qd7 28. a4 Rxh3 29. Ng5+ fxg5 30. Qxg5 Rh5 31. Qf4+ Kg7 32. Rcd1 Rah8 33. Rf1
Rf5 34. Qg3 0-1

[Event "XXVII Coppa"]
[Site "Cagliari ITA"]
[Date "2000.11.18"]
[Round "2"]
[White "Putzolu, Marcello"]
[Black "Scarteddu, Marco"]
[Result "1-0"]
[WhiteElo "1564"]
[BlackElo "1636"]
[PlyCount "127"]
[EventDate "2000.11.18"]

1. e4 e5 2. Nf3 Nc6 3. Bc4 Be7 4. Nc3 d6 5. Nd5 Be6 6. Nxe7 Qxe7 7. Bxe6 Qxe6
8. d3 h6 9. Be3 Nge7 10. c4 f5 11. Qb3 b6 12. O-O-O f4 13. Bd2 g5 14. Bc3 O-O
15. d4 exd4 16. Nxd4 Qf7 17. Nxc6 Nxc6 18. Qa4 Ne7 19. Rhe1 Qe6 20. e5 d5 21.
cxd5 Nxd5 22. Qc4 c6 23. Bb4 b5 24. Qb3 a5 25. Bxf8 Kxf8 26. Qh3 Qxh3 27. gxh3
Ke7 28. Rd2 Ke6 29. a3 b4 30. Rc2 Rc8 31. Kd2 b3 32. Rc5 a4 33. Rec1 Ne7 34.
Ke2 Kf5 35. Kf3 Ra8 36. Rd1 h5 37. Rd6 g4+ 38. hxg4+ hxg4+ 39. Kg2 f3+ 40. Kg1
Rg8 41. Rf6+ Ke4 42. e6 Kd4 43. Ra5 Kd3 44. Rc5 Rd8 45. Rf4 Nd5 46. Rxg4 Nf6
47. Rc3+ Ke2 48. Re3+ Kd2 49. Rc4 Rg8+ 50. Kh1 Ng4 51. Rxf3 Ne5 52. Rd4+ Kc2
53. Re3 Kxb2 54. Rxe5 Ka2 55. Rxa4 b2 56. Re2 c5 57. Rc4 Kb3 58. Rxb2+ Kxb2 59.
Rxc5 Kxa3 60. Re5 Kb4 61. f4 Kc4 62. e7 Re8 63. Kg2 Kd4 64. Kf3 1-0

[Event "XXVII Coppa"]
[Site "Cagliari ITA"]
[Date "2000.11.18"]
[Round "2"]
[White "Sforza, Franco"]
[Black "Manca, Antonio"]
[Result "1-0"]
[WhiteElo "1567"]
[BlackElo "1428"]
[PlyCount "100"]
[EventDate "2000.11.18"]

1. d4 e6 2. c4 b6 3. Nf3 Bb7 4. e3 Nc6 5. Bd3 Nf6 6. O-O Bb4 7. a3 Be7 8. Nc3
O-O 9. b4 a6 10. Bb2 d5 11. c5 b5 12. Qc2 h6 13. Ne2 g6 14. Ng3 Ng4 15. Bxg6 f5
16. Bh5 Bh4 17. Bxg4 Bxg3 18. fxg3 fxg4 19. Qg6+ Kh8 20. Qxh6+ Kg8 21. Qg6+ Kh8
22. Qxg4 Qe7 23. Qh5+ Kg8 24. Qg5+ Qxg5 25. Nxg5 Rae8 26. Rxf8+ Kxf8 27. Rf1+
Kg7 28. Rf7+ Kg6 29. h4 Re7 30. Rxe7 Nxe7 31. Nxe6 c6 32. Nf4+ Kf5 33. Kf2 Kg4
34. h5 Nf5 35. Bc1 Nxg3 36. h6 Ne4+ 37. Ke2 Nf6 38. Kf2 Bc8 39. Nh3 Bf5 40. Ng1
Ng8 41. e4 Bxe4 42. Nf3 Kh5 43. Ne5 Ne7 44. g4+ Kh4 45. g5 Kh5 46. Nd7 Bh7 47.
Nb8 Be4 48. Nxa6 Nf5 49. h7 Nxd4 50. h8=Q+ Kg4 1-0

[Event "XXVII Coppa"]
[Site "Cagliari ITA"]
[Date "2000.11.19"]
[Round "3"]
[White "Cerioni, Armando"]
[Black "Defend, Guerrino"]
[Result "1-0"]
[WhiteElo "1500"]
[BlackElo "1900"]
[PlyCount "132"]
[EventDate "2000.11.18"]

1. e4 g6 2. d4 Bg7 3. Nc3 c6 4. Bc4 d6 5. Be3 Nf6 6. Qd2 O-O 7. f3 b5 8. Bb3 a5
9. a3 Nbd7 10. Bh6 Bb7 11. Bxg7 Kxg7 12. h4 e5 13. Nce2 Nb6 14. Ng3 exd4 15. h5
Nc4 16. Bxc4 bxc4 17. Qxd4 Qe7 18. hxg6 hxg6 19. O-O-O Qe5 20. Qxe5 dxe5 21.
N1e2 Rad8 22. Rxd8 Rxd8 23. Rd1 Rxd1+ 24. Kxd1 Nd7 25. Kd2 f6 26. Nf1 Nc5 27.
Ne3 Ba6 28. Nc1 Bb5 29. b3 cxb3 30. cxb3 Kf7 31. Kc3 Ke6 32. Nc4 Bxc4 33. Kxc4
Kd6 34. Ne2 Nd7 35. Ng3 Nb6+ 36. Kc3 c5 37. Nh1 Ke6 38. Nf2 Kd6 39. Nd3 g5 40.
g4 Kc6 41. Nb2 Kb5 42. a4+ Ka6 43. Nc4 Nd7 44. Nd6 Kb6 45. Nf7 Kc6 46. Nh8 Kd6
47. Kc4 Kc6 48. Nf7 Kb6 49. Kd5 Kc7 50. Ke6 c4 51. bxc4 Nb6 52. Kxf6 Nd7+ 53.
Kxg5 Nc5 54. Kf6 Nxa4 55. Ng5 Nc5 56. Ne6+ Nxe6 57. Kxe6 a4 58. g5 a3 59. g6 a2
60. g7 a1=Q 61. g8=Q Qa6+ 62. Kf5 Qd6 63. Qf7+ Kb8 64. Qe8+ Ka7 65. Qf7+ Ka8
66. Qd5+ Qxd5 1-0

[Event "XXVII Coppa"]
[Site "Cagliari ITA"]
[Date "2000.11.19"]
[Round "3"]
[White "Foddai, Aldo"]
[Black "Putzolu, Marcello"]
[Result "1-0"]
[WhiteElo "1612"]
[BlackElo "1564"]
[PlyCount "121"]
[EventDate "2000.11.18"]

1. e4 c5 2. Nc3 Nc6 3. Bb5 Nd4 4. a4 Nxb5 5. axb5 d6 6. d4 Qb6 7. dxc5 Qxc5 8.
Be3 Qb4 9. Ra4 Qxb2 10. Nd5 Kd8 11. Bb6+ axb6 12. Rxa8 Qxb5 13. Qd4 e5 14.
Qxb6+ Qxb6 15. Nxb6 Ne7 16. Ne2 Kc7 17. Nxc8 Nxc8 18. Nc3 Nb6 19. Nd5+ Nxd5 20.
exd5 g6 21. Ke2 Bg7 22. Rha1 Rf8 23. R1a4 Rxa8 24. Rxa8 Kb6 25. c4 Kc5 26. Rc8+
Kd4 27. Rc7 Bh6 28. Rxf7 Kxc4 29. Rxh7 Bc1 30. Rxb7 Kxd5 31. f3 Ke6 32. Kd3 Kf5
33. Ra7 Bf4 34. g3 Bc1 35. Ra6 d5 36. Rd6 e4+ 37. fxe4+ dxe4+ 38. Ke2 g5 39. h3
Ke5 40. Rd8 Ba3 41. Re8+ Kf5 42. Ke3 Bc5+ 43. Ke2 Bd6 44. Kf2 Bc5+ 45. Kg2 Ba3
46. Ra8 Bb4 47. Rb8 Bd6 48. Rb5+ Kf6 49. h4 gxh4 50. gxh4 Bf4 51. h5 e3 52. Kf3
Bh6 53. Rb2 Kf5 54. Rg2 Bg5 55. Rg4 Bh6 56. Rg6 Bg5 57. Rc6 Ke5 58. h6 Bf6 59.
h7 Bg7 60. Kxe3 Bh8 61. Rc8 1-0

[Event "XXVII Coppa"]
[Site "Cagliari ITA"]
[Date "2000.11.19"]
[Round "3"]
[White "Lai, Luca"]
[Black "Collu, Silvano"]
[Result "1-0"]
[WhiteElo "1470"]
[BlackElo "1452"]
[PlyCount "41"]
[EventDate "2000.11.18"]

1. e4 e5 2. f4 d5 3. exd5 exf4 4. Nf3 Nf6 5. d4 Nxd5 6. Bc4 Nc6 7. O-O Bd6 8.
Bxd5 Bg4 9. Nc3 a6 10. Bd2 Nxd4 11. Qe1+ Ne6 12. Bxb7 Rb8 13. Bc6+ Kf8 14. Ne5
Bc5+ 15. Kh1 Nd4 16. Nxf7 Nxc2 17. Nxd8 Nxe1 18. Rxf4+ Ke7 19. Rxe1+ Kxd8 20.
Rxg4 Rxb2 21. Rge4 1-0

[Event "XXVII Coppa"]
[Site "Cagliari ITA"]
[Date "2000.11.19"]
[Round "3"]
[White "Loi, Francesco"]
[Black "Ibba, Isacco"]
[Result "0-1"]
[WhiteElo "1395"]
[BlackElo "1855"]
[PlyCount "78"]
[EventDate "2000.11.18"]

1. d4 d5 2. c4 c6 3. a4 Nf6 4. Nf3 Bg4 5. Qd3 Na6 6. Qb3 Qc8 7. Nbd2 e6 8. Ne5
Bd6 9. g3 O-O 10. Bg2 Bxe5 11. dxe5 Nd7 12. Qe3 Nb4 13. Qc3 c5 14. b3 d4 15.
Qb2 Nxe5 16. Ne4 Ned3+ 17. exd3 Nxd3+ 18. Kf1 Nxb2 19. Bxb2 e5 20. Nd6 Qe6 21.
Nxb7 Bh3 22. Nxc5 Bxg2+ 23. Kg1 Qc6 24. Nd7 Bxh1 25. Kf1 Qg2+ 26. Ke1 Qg1+ 27.
Ke2 d3+ 28. Kxd3 e4+ 29. Ke3 Qg2 30. Ne5 f5 31. Nd7 Qf3+ 32. Kd4 Qd3+ 33. Kc5
Rfc8+ 34. Kb4 Qd2+ 35. Ka3 Qxd7 36. Bc3 Qd3 37. Rc1 Rab8 38. Kb2 Qxc4 39. b4
Rxb4+ 0-1

[Event "XXVII Coppa"]
[Site "Cagliari ITA"]
[Date "2000.11.19"]
[Round "3"]
[White "Ponti, Mario"]
[Black "Enis, Aldo"]
[Result "1/2-1/2"]
[WhiteElo "1549"]
[BlackElo "1516"]
[PlyCount "68"]
[EventDate "2000.11.18"]

1. d4 Nf6 2. Nc3 d5 3. Nf3 Bf5 4. e3 e6 5. Bd3 Bxd3 6. cxd3 c5 7. dxc5 Bxc5 8.
d4 Bd6 9. O-O O-O 10. Re1 Nc6 11. a3 Rc8 12. e4 dxe4 13. Nxe4 Nxe4 14. Rxe4 Bb8
15. Be3 Qd5 16. Qd3 f5 17. Rh4 e5 18. Qe2 f4 19. Bd2 Nxd4 20. Nxd4 Qxd4 21. Bc3
Qd5 22. Rd1 Qe6 23. Qe4 g6 24. Qxb7 Rf7 25. Qe4 Re8 26. Rh3 Kg7 27. Rhd3 h6 28.
Bb4 h5 29. Bd6 Bxd6 30. Rxd6 Qf5 31. Qc6 Rfe7 32. Rd7 Qf7 33. b4 Rxd7 34. Rxd7
Re7 1/2-1/2

[Event "XXVII Coppa"]
[Site "Cagliari ITA"]
[Date "2000.11.19"]
[Round "3"]
[White "Sitzia, Carlo"]
[Black "Perra, Marco"]
[Result "0-1"]
[WhiteElo "1482"]
[BlackElo "1500"]
[PlyCount "86"]
[EventDate "2000.11.18"]

1. e4 e5 2. Nf3 Nc6 3. Bc4 Nf6 4. Nc3 h6 5. d4 Bd6 6. O-O a6 7. Re1 b5 8. Bb3
O-O 9. Nd5 Re8 10. Nxf6+ Qxf6 11. c3 Na5 12. Bc2 c6 13. b4 Nc4 14. Bb3 Nb6 15.
Be3 Rb8 16. Rc1 Bc7 17. a3 d6 18. Qd3 Qg6 19. Nh4 Qg4 20. g3 Bd8 21. Bd1 Qh3
22. Qf1 Qxf1+ 23. Rxf1 exd4 24. cxd4 Nc4 25. Bf4 Rxe4 26. Bf3 Rxd4 27. Bxc6
Bxh4 28. Rcd1 Rxd1 29. Rxd1 Be7 30. Bd5 Nxa3 31. Bb3 Rb6 32. Rc1 Bb7 33. Rc7
Kf8 34. Rd7 Nc4 35. Bc2 Ne5 36. Rc7 Nf3+ 37. Kf1 Nxh2+ 38. Kg1 Ng4 39. Be4 Bxe4
40. Rc8+ Bd8 41. Rxd8+ Ke7 42. Rc8 g5 43. Rc3 gxf4 0-1

[Event "XXVII Coppa"]
[Site "Cagliari ITA"]
[Date "2000.11.19"]
[Round "4"]
[White "Caredda, Giuseppe"]
[Black "Ponti, Mario"]
[Result "0-1"]
[WhiteElo "1558"]
[BlackElo "1549"]
[PlyCount "88"]
[EventDate "2000.11.18"]

1. d4 d5 2. c4 c6 3. e3 Nf6 4. Nc3 e6 5. cxd5 exd5 6. h3 Be6 7. Bd3 Bd6 8. Nf3
h6 9. Bd2 O-O 10. Qc2 Re8 11. O-O-O a5 12. Rdg1 g6 13. Bxg6 Ne4 14. Bxe4 dxe4
15. d5 cxd5 16. Nd4 Bd7 17. f3 Nc6 18. Ncb5 Nb4 19. Qb1 Bxb5 20. Nxb5 Nd3+ 21.
Kc2 Rc8+ 22. Bc3 Nf2 23. Nxd6 Qxd6 24. f4 Nxh1 25. Rxh1 b5 26. Kd2 b4 27. Bd4
Rc6 28. g4 Rec8 29. Rd1 Qc7 30. Be5 Rc2+ 31. Ke1 Qc4 32. Qxc2 Qxc2 33. Rd2 Qb1+
34. Rd1 Rc1 35. Rxc1 Qxc1+ 36. Kf2 a4 37. g5 hxg5 38. fxg5 Qh1 39. Kg3 Qf3+ 40.
Kh4 Qxe3 41. Kg4 d4 42. Bf4 Qf3+ 43. Kf5 d3 44. h4 d2 0-1

[Event "XXVII Coppa"]
[Site "Cagliari ITA"]
[Date "2000.11.19"]
[Round "4"]
[White "Cirina, Gianluca"]
[Black "Ibba, Isacco"]
[Result "1/2-1/2"]
[WhiteElo "1690"]
[BlackElo "1855"]
[PlyCount "26"]
[EventDate "2000.11.18"]

1. e4 Nf6 2. e5 Nd5 3. d4 d6 4. c4 Nb6 5. f4 dxe5 6. fxe5 Bf5 7. Be3 e6 8. Nf3
Nc6 9. Nc3 Bb4 10. Be2 O-O 11. O-O Bxc3 12. bxc3 Na4 13. Nd2 Bg6 1/2-1/2

[Event "XXVII Coppa"]
[Site "Cagliari ITA"]
[Date "2000.11.19"]
[Round "4"]
[White "Defend, Guerrino"]
[Black "Sforza, Franco"]
[Result "1-0"]
[WhiteElo "1900"]
[BlackElo "1567"]
[PlyCount "93"]
[EventDate "2000.11.18"]

1. d4 d5 2. Nf3 Nf6 3. Bf4 e6 4. e3 Bd6 5. Bg5 Nbd7 6. Nbd2 h6 7. Bh4 O-O 8.
Bd3 c5 9. c3 c4 10. Bc2 b5 11. O-O Bb7 12. Qe2 Qc7 13. Bg3 e5 14. dxe5 Nxe5 15.
Nd4 a6 16. Nf5 Rfe8 17. Nxd6 Qxd6 18. Nf3 Nxf3+ 19. Qxf3 Qd8 20. Bh4 Qe7 21.
Bxf6 Qxf6 22. Qxf6 gxf6 23. Rad1 Rad8 24. Rd4 Re5 25. Rfd1 h5 26. h3 Kf8 27.
R1d2 Ke7 28. Bd1 Rg8 29. Bf3 Ke6 30. Rh4 Rgg5 31. Kf1 Ke7 32. g3 Rgf5 33. Bg2
Rxe3 34. Rxh5 Rxh5 35. fxe3 Kd6 36. e4 Re5 37. exd5 Bxd5 38. Rxd5+ Rxd5 39.
Bxd5 Kxd5 40. h4 f5 41. Kf2 Ke5 42. Kf3 Kf6 43. Kf4 Kg6 44. Ke5 a5 45. a3 f4
46. Kxf4 Kh5 47. Kf5 1-0

[Event "XXVII Coppa"]
[Site "Cagliari ITA"]
[Date "2000.11.19"]
[Round "4"]
[White "Foddai, Aldo"]
[Black "Cerioni, Armando"]
[Result "1/2-1/2"]
[WhiteElo "1612"]
[BlackElo "1500"]
[PlyCount "112"]
[EventDate "2000.11.18"]

1. e4 c5 2. c3 d5 3. Bb5+ Nc6 4. Ne2 Qb6 5. Bd3 dxe4 6. Bxe4 Nf6 7. Bf3 Bf5 8.
d4 e6 9. O-O Rd8 10. Qa4 Bd3 11. Be3 Bb5 12. Qc2 Bxe2 13. Qxe2 cxd4 14. Bxc6+
Qxc6 15. cxd4 Bd6 16. Rc1 Qd5 17. Nc3 Qh5 18. Qxh5 Nxh5 19. Nb5 Bb8 20. Rc5 Nf6
21. Rac1 O-O 22. Bg5 a6 23. Na3 Rxd4 24. Rc8 Bf4 25. Bxf4 Rxf4 26. Rxf8+ Kxf8
27. Rc8+ Ne8 28. Kf1 Ke7 29. Nc4 Nd6 30. Nxd6 Kxd6 31. a3 Rf5 32. b4 a5 33.
bxa5 Rxa5 34. Rc3 Rc5 35. Rb3 Kc6 36. Ke2 b5 37. Rg3 Rc2+ 38. Kd3 Rxf2 39. Rxg7
Ra2 40. Rxf7 Rxa3+ 41. Kd4 Ra2 42. Rxh7 Rxg2 43. Rh6 Re2 44. h4 Kb6 45. h5 Ka5
46. Rh8 Rc2 47. Ra8+ Kb4 48. Ra6 Rh2 49. Rxe6 Rxh5 50. Rb6 Ka3 51. Kd3 Rh3+ 52.
Kc2 Rb3 53. Ra6+ Kb4 54. Rb6 Kc5 55. Kxb3 Kxb6 56. Kb4 Kc6 1/2-1/2

[Event "XXVII Coppa"]
[Site "Cagliari ITA"]
[Date "2000.11.19"]
[Round "4"]
[White "Perra, Marco"]
[Black "Manca, Antonio"]
[Result "1-0"]
[WhiteElo "1500"]
[BlackElo "1428"]
[PlyCount "79"]
[EventDate "2000.11.18"]

1. e4 e5 2. Nf3 Nc6 3. Bc4 Be7 4. c3 Nf6 5. d3 d5 6. exd5 Nxd5 7. h3 O-O 8. O-O
Bf6 9. Qb3 Nf4 10. Bxf4 exf4 11. d4 Na5 12. Qa4 Nxc4 13. Qxc4 Be6 14. Qd3 Qd7
15. Rd1 Rfd8 16. Na3 Qa4 17. Rd2 c5 18. Nb5 Bc4 19. b3 Bxb3 20. Nc7 Bc4 21. Qe4
Rab8 22. Qxf4 cxd4 23. cxd4 Qa5 24. Rc1 Bd5 25. Rc5 Qa3 26. Nxd5 b6 27. Rc7 Qd6
28. Nxf6+ gxf6 29. Qxd6 Rxd6 30. Rxa7 Kf8 31. Nh4 Rd5 32. g4 h5 33. Nf5 hxg4
34. hxg4 Re8 35. Ne3 Rg5 36. d5 Rd8 37. d6 Ke8 38. Nf5 Rxg4+ 39. Kf1 Rd7 40.
Ra8+ 1-0

[Event "XXVII Coppa"]
[Site "Cagliari ITA"]
[Date "2000.11.19"]
[Round "4"]
[White "Putzolu, Marcello"]
[Black "Lai, Luca"]
[Result "0-1"]
[WhiteElo "1564"]
[BlackElo "1470"]
[PlyCount "56"]
[EventDate "2000.11.18"]

1. e4 e5 2. Nf3 Nc6 3. Bc4 Bc5 4. d3 Nf6 5. Nc3 d6 6. h3 Bd7 7. O-O O-O 8. Bg5
h6 9. Bh4 Kh8 10. Nd5 Rg8 11. Qd2 g5 12. Nxg5 hxg5 13. Bxg5 Nxe4 14. Bf6+ Nxf6
15. Qh6+ Nh7 16. Nf6 Qxf6 17. Qh5 Rg5 18. Qxf7 Qxf7 19. Bxf7 Bxh3 20. Kh2 Rf8
21. Bd5 Bd7 22. g3 Rxf2+ 23. Rxf2 Bxf2 24. Rf1 Bxg3+ 25. Kh1 Bf4 26. Rf3 Nf6
27. Bb3 Na5 28. Rf2 Bc6+ 0-1